| 000 | 00372 a2200097 4500 | ||
|---|---|---|---|
| 245 | 0 | 0 |
_aCAMAC Blokowy system oprzyrządowania elektronicznego do pomiarów - automatycznych i sterowania Konstrukcja i organizacja logiczna PN-72/T-06530 / _cPKN. |
| 246 | 1 | 3 | _aPN-72/T-06530 |
| 246 | 1 | 3 | _a681.322.056:62-503.55 |
| 260 |
_aWarszawa : _bPKN, _c1972. |
||
| 300 |
_a23 stron ; _c30 cm. |
||
| 650 | _aPolska norma | ||
| 999 |
_c21048 _d21048 |
||